| 000 | 00859nas a2200205 i 4500 | ||
|---|---|---|---|
| 001 | 185751 | ||
| 003 | ES-MaACL | ||
| 005 | 20250217134919.0 | ||
| 008 | 160805d19141923sp | | ||at d | ||
| 245 | 0 | 0 |
_aProjectes d'acord presentats a la ... reunió ordinària de l'Assamblea [sic] / _cMancomunitat de Catalunya. |
| 260 |
_aBarcelona : _b[La Mancomunitat], _c1914-[1923] |
||
| 300 |
_a7 v. ; _c22 cm. |
||
| 310 | _aSemestral | ||
| 362 | 0 | _a1a reunió (maig 1914)-19a reunió (ag. 1923) | |
| 651 | 4 |
_aCataluña- _xPolítica y gobierno- _y1914-1925. _9160354 |
|
| 710 | 2 |
_aMancomunitat de Catalunya. _9160353 |
|
| 852 |
_aES-MaACL _jF-7123-29 |
||
| 866 | 0 | _oReunió 5 (maig 1916), Reunió 6 (nov. 1916), Reunió 7 (maig. 1917), Reunió 8 (nov. 1917), Reunió 9 (maig 1918), Reunió 10 (gener 1919) - Reunió 11 (agost 1919) | |
| 999 |
_c185751 _d185751 |
||